000 00674nam a2200241Ia 4500
003 OSt
005 20221005045708.0
006 a|||||r|||| 00| 0
007 ta
008 221004b |||||||| |||| 00| 0 ben d
024 _a22791
037 _bGift, 12/10/2015,
_cTextual
040 _aCRL
_cCRL
_bben
041 _2ben
_aben
082 _aO157,3x, N7
100 _aChaki Devashiy Tr.
_9593918
245 0 _aGalpo valchhen
_b Hichkaka
260 _aKolkata
_bGoanthana India
_c1997
300 _a185p.
_ccm.
650 _aBENGALI LITERATURE
942 _hO157,3x, N7
_cTEXL
_2cc
999 _c955559
_d955559